Entrada Nombre geográfico
Número de registros utilizados en: 1
001 - NÚMERO DE CONTROL
003 - IDENTIFICADOR DEL NÚMERO DE CONTROL
- campo de control:
DR-UNIBE
005 - FECHA Y HORA DE LA ÚLTIMA TRANSACCIÓN
- campo de control:
20250428093518.0
008 - DATOS DE LONGITUD FIJA
- campo de control de longitud fija:
250428|| aca||aabn | a|a d
040 ## - FUENTE DE LA CATALOGACIÓN
- Centro catalogador/agencia de origen:
DR-UNIBE
- Centro/agencia transcriptor:
DR-UNIBE
151 ## - ENCABEZAMIENTO--NOMBRE GEOGRÁFICO
- Nombre geográfico:
Constanza (municipio)
- Subdivisión general:
Historia
- Subdivisión geográfica:
República Dominicana
670 ## - FUENTE DE DATOS ENCONTRADOS
- Cita de la fuente:
Work cat.: (DR-UNIBE)113489: Cassá, Constancio 1953- (Cassá Bernaldo de Quirós, Constancio José) autor 194585, Imágenes constanceras : , 2024